| 000 | 00551nam a2200193 a 4500 | ||
|---|---|---|---|
| 005 | 20240301063616.0 | ||
| 008 | 991125c1983 mx 000 0 spa u | ||
| 035 | _aUPN01000037708 | ||
| 049 | _aCG | ||
| 050 | 4 |
_aLB1589 M6 _bF5.4 |
|
| 100 | 1 | _aFigueras, Olimpia | |
| 245 | 1 | 0 |
_aMedición : _bactividades para el nivel básico / _cOlimpia Figueras, Heréndira García |
| 260 |
_aMéxico : _bIPN, _c1983 |
||
| 300 |
_a188 p. : _bil. |
||
| 650 | 2 |
_aMedición _910585 |
|
| 700 | 2 |
_aGarcía, Heréndira, _ecoaut. |
|
| 904 |
_aAC _b037709 |
||
| 905 | _aLibro | ||
| 999 |
_c37708 _d37708 |
||